000 00516nam a2200169 4500
001 123834
003 ES-MaACL
005 20251011063130.0
007 t|
008 070214s1965 sp r ||||1| spa d
100 1 _aRamírez, Juan Antonio,
_d1912?-1980
_9172028
245 1 0 _aSin raíces
_b: (poemas de un desarraigado) /
_cJuan Antonio Ramírez.
260 _aSevilla :
_b[s. n.],
_c1965 (
_fTall. Gráf. Oiga)
300 _a17 h. ;
_c22 cm.
852 _aES-MaACL
_j2044-F-22
999 _c123834
_d123834